| Tag |
First Indicator |
Second Indicator |
Subfields |
| LEADER |
00000cam a2200000 a 4500 |
| 001 |
in00004477708 |
| 005 |
20210818135113.0 |
| 008 |
901019s1991 nyua b 001 0 eng |
| 010 |
|
|
|a 90022007
|
| 020 |
|
|
|a 0195067975 (cloth)
|
| 035 |
|
|
|a (OCoLC)22709507
|
| 035 |
|
|
|9 AAE7992MS
|
| 035 |
|
|
|z (UtOrBLW)16012
|
| 035 |
|
|
|a 27291
|
| 040 |
|
|
|a DLC
|c DLC
|d AGL
|d TMV
|d UtOrBLW
|
| 049 |
|
|
|a TMVM
|c 1
|
| 050 |
0 |
0 |
|a Q175
|b .D268 1991
|
| 070 |
0 |
|
|a Q175.D268
|b 1991
|
| 072 |
|
0 |
|a X300
|
| 082 |
0 |
0 |
|a 502.8
|2 20
|
| 096 |
|
|
|a Q 175
|b D216t 1991
|
| 100 |
1 |
|
|a Darden, Lindley.
|
| 245 |
1 |
0 |
|a Theory change in science :
|b strategies from Mendelian genetics /
|c Lindley Darden.
|
| 264 |
|
1 |
|a New York :
|b Oxford University Press,
|c 1991.
|
| 300 |
|
|
|a xi, 314 pages :
|b illustrations ;
|c 25 cm.
|
| 336 |
|
|
|a text
|2 rdacontent
|b txt
|
| 337 |
|
|
|a unmediated
|2 rdamedia
|
| 338 |
|
|
|a volume
|2 rdacarrier
|b nc
|
| 490 |
1 |
|
|a Monographs on the history and philosophy of biology
|
| 504 |
|
|
|a Includes bibliographical references (pages 282-301) and index.
|
| 650 |
|
2 |
|a Science
|x methods.
|
| 650 |
|
2 |
|a Human Genetics, Medical.
|
| 650 |
|
2 |
|a Philosophy.
|
| 830 |
|
0 |
|a Monographs on the history and philosophy of biology.
|
| 948 |
|
|
|a Retain per EC; 2002 evaluation; nb, 09/11/2002.
|
| 999 |
|
|
|a MARS
|
| 999 |
f |
f |
|s d15587e9-8299-39b9-8885-fa39d48d7a96
|i f47162cf-357e-3de7-8f0e-a0a91352ea9f
|t 0
|
| 952 |
f |
f |
|p ric
|a Texas A&M University
|b Rellis Campus
|c Joint Library Facility
|d Remote Storage
|t 0
|e Q 175 D216t 1991
|h National Library of Medicine classification
|i unmediated -- volume
|m 3238901118182
|
| 998 |
f |
f |
|a Q 175 D216t 1991
|t 0
|l Remote Storage
|